| 000 | 00371cam a2200145ua 4500 | ||
|---|---|---|---|
| 041 |
_aeng _h |
||
| 082 |
_a574.0285 _bCHE/BI |
||
| 100 | _aChen, Yi-Ping Phoebe . | ||
| 245 | 0 | 0 |
_aBioinformatics technologies / _cYi-Ping Phoebe Chen. _hTextual Documents |
| 260 |
_aNew Delhi : _bSpringer , _c2007. |
||
| 300 | _a ; . | ||
| 504 | _a | ||
| 942 | _cBK | ||
| 999 |
_c13515 _d13515 |
||